000 00362nam a2200133Ia 4500
008 100328s9999 xx 000 0 und d
082 _b28127
100 _aबोधे व. बा.
245 _aरान चिमणी.
260 _bगुलमोहर
630 _aरान चिमणी.
730 _aरान चिमणी.
942 _cBOOK
999 _c519689
_d519686